| 000 | 00390nam a2200181Ia 4500 | ||
|---|---|---|---|
| 008 | 210210b1957 xxu||||| |||| 00| 0 eng d | ||
| 041 | _aeng | ||
| 082 | _a150/95 | ||
| 100 | _aSARGANT (William) | ||
| 245 | _aBattle of the mind | ||
| 260 |
_a _bNot Mentioned _c1957 |
||
| 650 | _athe | ||
| 650 | _aof | ||
| 650 | _amind | ||
| 650 | _aBattle | ||
| 690 | _aPsychology | ||
| 906 | _a001044 | ||
| 999 |
_c77561 _d77561 |
||